LEADER 02938nam a2200493 i 4500 001 000000036372 003 CaOOAMICUS 005 20090715000000.0 008 090715s1985 it u000 u ita u 013 $a5810 040 $aSeMil$bita 245 10$aStoria religiosa della Polonia /$ca cura di Luciano Vaccaro ; traduzione dal polacco di Anna Lia Guglielmi. 260 $aGazzada (VA) :$bFondazione Ambrosiana Paolo VI,$c1985. 260 $aMilano :$bLa Casa di Matriona,$c1985. 300 $a280 p., [8] p. di tav. ;$c18 cm. 490 0 $aRicerche ;$v15 650 4$aPolonia - Storia religiosa.$0(OLS)http://semarc/subject/6941 700 1 $aGuglielmi, Anna Lia.$0(OLS)http://semarc/name/17127 700 1 $aVaccaro, Luciano.$0(OLS)http://semarc/name/205 774 0 $aRubin, Wladyslaw $tProlusione.$w()297166 774 0 $aKloczowski, Jerzy$tStoria socio religiosa della Polonia dal Medioevo fino a oggi ; La Polonia in Europa.$w()297167 774 0 $aSulowski, Zygmunt$tNascita del cristianesimo in Polonia ; Demografia storica della Polonia.$w()297168 774 0 $aBorkowska, Urszula $tSanti come «archetipi» della nazione.$w()297169 774 0 $aGrygiel, Ludmi?a$tCommunio sanctorum polonorum.$w()297170 774 0 $aTazbir, Janusz$tRiforma polacca come movimento intellettuale.$w()297171 774 0 $aMüller, Wieslaw$tRiforma cattolica in Polonia.$w()297172 774 0 $aKopec, Jerzy Józef $tRegno polacco e l'ortodossia.$w()297173 774 0 $aWitkowska, Aleksandra $tCzestochowa centro del culto mariano.$w()297174 774 0 $aJablonski, Szczepan Zachariasz $tEsperienza pastorale contemporanea dei pellegrinaggi a Jasna Gora.$w()297175 774 0 $aPrzybylski, Ryszard$tRomantici polacchi e la Santa Sede.$w()297176 774 0 $aZiolkowski, Janusz$tMovimenti sociali in Polonia nei secoli 19. e 20.$w()297177 774 0 $aMüllerowa, Lidia$tChiesa polacca dal 1939 ai nostri giorni.$w()297178 774 0 $aSonik, Boguslaw$tGenerazione degli anni settanta.$w()297179 774 0 $aRadwan, Marian$tProfilo religioso e morale degli studenti che hanno conseguito la maturità nel 1984.$w()297180 774 0 $aWozniakowski, Jacek <1910-2012>$tCultura cattolica contemporanea.$w()297181 774 0 $aGrygiel, Stanis?aw <1934-2023>$tDestino della Polonia.$w()297182 774 0 $aRicci, Francesco <1930-1991>$tEuropa e la questione polacca.$w()297183 830 0$aRicerche ;$v15.$0(OLS)http://semarc/title/7133 850 $aSeMil 852 $aSeMil$W1$xVenegono$y1$m3C I 158$j2527$B2527$CSeMilBibl$Z2$F2527 $81 961 $aOmaggio: Caprioli mons. Adriano 996 $6245$aStoria religiosa della Polonia$9(OLS)http://semarc/title/50313 996 $6260$aMilano :$bLa Casa di Matriona$9(OLS)http://semarc/publisher/30246 996 $6260$aGazzada (VA) :$bFondazione Ambrosiana Paolo VI$9(OLS)http://semarc/publisher/32796 LEADER 01343nam a2200265 i 4500 001 000000081160 003 CaOOAMICUS 005 20210830133736.0 008 180521s2006 xx u000 u spa u 013 $a53400 020 $a84-611-0335-1 040 $aSeMil$bita 245 10$aAmar al mundo apasionadamente :$bhomilía de san Josemaría Escrivá en la celebración eucarística del domingo, 8 de octubre de 1967 en el campus de la Universidad de Navarra /$cintroducción del prof. Pedro Rodríguez. 260 $a[s.l.] :$bMaiestas S.L.,$c2006. 300 $a1 DVD (43' 21") ;$c13 cm. 500 $aAudiolibros. 650 4$aEscrivá de Balaguer, Josemaría - Opere.$0(OLS)http://semarc/subject/12578 700 1 $aRodríguez, Pedro.$0(OLS)http://semarc/name/22768 850 $aSeMil 852 $aSeMil$W1$xVenegono$y1$mMM A 38$j224447$B46460$CSeMilBibl$Z2$F48759 $8I 961 $aRecupero: Altro 996 $6020$a84-611-0335-1$9(OLS)http://semarc/number/270977 996 $6245$aAmar al mundo apasionadamente :$bhomilía de san Josemaría Escrivá en la celebración eucarística del domingo, 8 de octubre de 1967 en el campus de la Universidad de Navarra$9(OLS)http://semarc/title/404372 996 $6260$a[s.l.] :$bMaiestas S.L.$9(OLS)http://semarc/publisher/56606